Cálculo numérico fundamental

Uloženo v:
Podrobná bibliografie
Hlavní autor: Demidovich, Boris Pavlovich (Autor)
Další autoři: Maron, I. A. (autor)
Médium: Kniha
Jazyk:španělština
Vydáno: Madrid Paraninfo 1993
Vydání:Cuarta edición
Témata:
Tagy: Přidat tag
Žádné tagy, Buďte první, kdo vytvoří štítek k tomuto záznamu!

MARC

LEADER 00000nam a2200000 a 4500
001 UCP5508
003 CL-VaPUC
005 20240923165904.0
008 990927e19930000SP |||||||||||||||||spa|d
999 |c 283250  |d 283248 
040 |c Pontificia Universidad Católica de Valparaíso 
082 0 4 |a 519.4 DEM 1993 
100 0 |a Demidovich, Boris Pavlovich  |e author  |9 433957 
245 1 0 |a Cálculo numérico fundamental 
250 |a Cuarta edición 
260 |a Madrid  |b Paraninfo  |c 1993 
300 |a 746 p 
583 |a last modification  |c 20121108 09:39:44  |k Rodrigo Vera 
650 0 |a Álgebra   |x Matrices  |9 369268 
650 0 |a Análisis numérico   |9 259387 
650 0 |a Ecuaciones algebraicas   |9 359705 
650 0 |a Ecuaciones lineales   |9 342219 
650 0 |a Ecuaciones no lineales  |9 343071 
650 7 |a FRACCIONES CONTINUAS  |2 CL-VaPUC  |9 271097 
650 0 |a Funciones (Matemáticas)  |9 338128 
650 7 |a METODO DE MONTECARLO  |2 CL-VaPUC  |9 270705 
700 |a Maron, I. A.  |e autor  |9 566266 
942 |c BK  |2 ddc 
945 |d 19990927 00:00:00  |a vberengu 
952 |0 0  |1 0  |2 ddc  |4 0  |6 519_400000000000000_DEM_1993  |7 0  |8 A  |9 326171  |a BIBALI  |b BIBALI  |c GEN  |d 2019-11-20  |i 3561860  |o 519.4 DEM 1993  |p 3561860  |r 2025-01-20  |w 2019-11-20  |y BK  |k ALI 
952 |0 0  |1 0  |2 ddc  |4 0  |6 519_400000000000000_DEM_1993  |7 0  |8 CCM  |9 326172  |a BIBCUR  |b BIBCUR  |d 2019-11-20  |i 3561879  |o 519.4 DEM 1993  |p 3561879  |r 2025-04-22  |w 2019-11-20  |y BK  |k RNT 
952 |0 0  |1 0  |2 ddc  |4 0  |6 519_400000000000000_DEM_1993  |7 0  |8 A  |9 326173  |a BIBALI  |b BIBALI  |c GEN  |d 2019-11-20  |i 3561887  |o 519.4 DEM 1993  |p 3561887  |r 2025-01-20  |w 2019-11-20  |y BK  |k ALI 
952 |0 0  |1 0  |2 ddc  |4 0  |6 519_400000000000000_DEM_1993  |7 0  |8 A  |9 500160  |a BIBMAT  |b BIBMAT  |d 2020-01-22  |i 5616476  |o 519.4 DEM 1993  |p 5616476  |r 2025-01-07  |t 4  |w 2020-01-22  |y BK  |k MAT